2020s Disney Movies - Sudden Death - Statistics

General Stats
  • This quiz has been taken 166 times
  • The average score is 2 of 6
Answers on the Grid
Answers color-coded by a green-red scale on the quiz's grid according to % correct below.
Zootopia 2
Ralph Breaks the Internet
Elemental
Raya and the Last Dragon
Luca
Soul
Moana 2
The Lion King
Aladdin
Mulan
Wish
Moana
Strange World
Frozen II
Hoppers
Cinderella
Encanto
Toy Story 4
The Emperor's New Groove
Tangled
 
Answer Stats
Answer % Correct
Zootopia 2
89%
Moana 2
30%
Raya and the Last Dragon
22%
Encanto
14%
Strange World
14%
Wish
11%
No matching quizzes found
Score Distribution
Percent of People with Each Score
Percentile by Number Answered
Your Score History
You have not taken this quiz